Minecraft Schallplatten (Juli 2025) - Sudden Death - Statistiken

Allgemein
  • Dieses Quiz wurde 74 mal gespielt
    63 seit der letzten Aktualisierung
  • Das Durchschnittsergebnis liegt bei 6 aus 16
Answers on the Grid
Answers color-coded by a green-red scale on the quiz's grid according to % correct below.
Fading memories
Strand
Strad
11
12
13
Precipice
Relic/Relikt
25
Stahl
Stal
5
Creator
Tears
Dog/Hund
Cat/Katze
Cowstep
Otterside
Otherside
Melody
Mellohi
Wait/Warten
Your World
Chirp/Sperling
Mall/Einkaufszentrum
Lava Chicken
Popsicle
Trick or Treat
My Land
 
Antwortstatistiken
Antwort % Korrekt
Lava Chicken
62%
Otherside
57%
Cat/Katze
55%
13
52%
11
45%
Tears
40%
Relic/Relikt
36%
Strad
36%
Creator
33%
Mellohi
33%
Stal
33%
Chirp/Sperling
31%
Mall/Einkaufszentrum
31%
Wait/Warten
29%
5
21%
Precipice
19%
Keine übereinstimmenden Quizze gefunden
Verteilung der Resultate
Anzahl Personen mit jedem Resultat
Perzentil nach korrekt beantworteten Fragen
Ihre Resultats-Entwicklung
Sie haben dieses Quiz seit der letzten Aktualisierung nicht gespielt